| 000 | 00931nas a2200301 4500 | ||
|---|---|---|---|
| 001 | BR2011003495 | ||
| 003 | BR-BrBNA | ||
| 005 | 20231205115038.0 | ||
| 007 | ta | ||
| 008 | 230509b bl.|||p| |||| 00| 00por d | ||
| 040 |
_aBR-BrBNA _bpor _cBiblioteca Nacional de Agricultura |
||
| 041 | _a(Pt) | ||
| 072 | _aF60 | ||
| 100 | 1 | _aRima, J.A.H. | |
| 100 | 1 | _aMartim, S.A. | |
| 100 | 1 | _aDoblbss, L.B. | |
| 100 | 1 | _aEvaristo, J.A.M. | |
| 100 | 1 | _aRetamal, C.A. | |
| 100 | 1 | _aFaçanha, A.R. | |
| 100 | 1 | _aCanellas, L.P. | |
| 245 | 1 | _aAdição de ácido cítrico potencializa a ação de ácidos húmicos e altera o perfil protéico da membrana plasmática em raízes de milho | |
| 650 | _aMILHO | ||
| 650 | _aANÁLISE QUÍMICA | ||
| 650 | _aRAIZ | ||
| 773 | 0 |
_tCiência Rural (Brazil) _xISSN 0103-8478 _g(Apr 2011), v. 41(4) p. 614-620 _wBR2011003495 |
|
| 909 |
_a202311 _bLúcia _c55 _dLúcia Elande |
||
| 942 |
_2AGRIS _n0 _cANA |
||
| 999 |
_c211814 _d211814 |
||